[Event "ENIDMA"]
[Site "SchemingMind.com"]
[Date "2007.10.31"]
[Round "-"]
[White "CenturyBugs"]
[Black "Marbachess"]
[Result "1/2-1/2"]
[WhiteCountry "ENG"]
[BlackCountry "ITA"]
[WhiteElo "1848"]
[WhiteRD "87"]
[BlackElo "1957"]
[BlackRD "91"]
[GameID "126868"]

1. e4 e6 2. d3 d5 3. Nd2 Nf6 4. Ngf3 b6 5. c3 Be7 6. Qa4+ Qd7 7. Qc2 dxe4 8. dxe4 O-O 9. e5 Nd5 10. Bd3 g6
11. Ne4 c5 12. Bh6 Rd8 13. O-O-O a5 14. h4 b5 15. h5 c4 16. Bf1 Bb7 17. hxg6 fxg6 18. Bg5 Rf8 19. Bxe7 Qxe7 20. Neg5 Rxf3
21. Nxf3 Nd7 22. Rd4 Nf8 23. Qd2 h5 24. Rdh4 a4 25. a3 Nd7 26. Nd4 Nxe5 27. Nxb5 Rb8 28. f4 Ng4 29. Bxc4 Nde3 30. Rxg4 Nxg4
31. Nd4 Be4 32. Nxe6 Kh8 33. Qd4+ Nf6 34. Rh2 Bf5 35. g3 Bxe6 36. Re2 Rd8 37. Qg1 Qc7 38. Bxe6 Qd6 39. Qe1 h4 40. gxh4 Qxf4+
41. Kb1 Re8 42. Ka1 Kh7 43. Ka2 Kh8 44. c4 Qd6 45. Bf7 Rxe2 46. Qxe2 Kg7 47. Be8 Nxe8 48. Qxe8 Qa6 49. Qe7+ Kg8 50. Qe8+ Kg7
51. Qe7+ Kg8 52. Qe8+ Kg7 53. Qe7+ Kg8 54. Qe8+
1/2-1/2

[Event "ENIDMA"]
[Site "SchemingMind.com"]
[Date "2007.10.31"]
[Round "-"]
[White "Marbachess"]
[Black "CenturyBugs"]
[Result "1-0"]
[WhiteCountry "ITA"]
[BlackCountry "ENG"]
[WhiteElo "1957"]
[WhiteRD "91"]
[BlackElo "1848"]
[BlackRD "87"]
[GameID "126870"]

1. f4 d5 2. b3 Nc6 3. Bb2 d4 4. Nf3 Bf5 5. c3 dxc3 6. Nxc3 Nf6 7. g3 Qd7 8. Bg2 O-O-O 9. Rc1 e6 10. a3 Bg4
11. e3 e5 12. h3 Bxf3 13. Bxf3 exf4 14. gxf4 Qe6 15. Kf2 Re8 16. b4 Kb8 17. Qa4 Rd8 18. d4 Re8 19. Rce1 Nd8 20. d5 Qb6
21. Nb5 a6 22. Nxc7 Re7 23. Bxf6 gxf6 24. d6 Qxd6 25. Nd5 Rd7 26. Rd1 Qe6 27. f5 Qc6 28. Qb3 Bh6 29. Nb6 Qxb6 30. Rxd7 Re8
31. Re1 Bg5 32. Re2 Kc8 33. Rd1 Kb8 34. Qc3 Qb5 35. Red2 Nc6 36. Bxc6 Qxf5+ 37. Bf3 Bxe3+ 38. Qxe3 Rxe3 39. Kxe3 Qe5+ 40. Kf2 Qh2+
41. Bg2 Qf4+ 42. Kg1 Qe3+ 43. Kh1 Qxa3 44. Rd8+ Ka7 45. R8d7 Qxb4 46. Rxb7+ Qxb7 47. Bxb7 Kxb7 48. Rd7+ Kb6 49. Rxf7 Kc5 50. Rxh7 Kd5
51. Rg7 a5 52. h4 a4 53. h5 Ke6 54. h6 a3 55. h7 a2 56. Ra7 f5 57. h8=Q a1=Q+ 58. Rxa1 f4 59. Qh5
1-0

[Event "ENIDMA"]
[Site "SchemingMind.com"]
[Date "2007.11.01"]
[Round "-"]
[White "Dr_Pat"]
[Black "Marbachess"]
[Result "0-1"]
[WhiteCountry "USA"]
[BlackCountry "ITA"]
[WhiteElo "1497"]
[WhiteRD "44"]
[BlackElo "1883"]
[BlackRD "101"]
[GameID "127275"]

1. d4 f5 2. g3 Nf6 3. Bg2 g6 4. Nf3 Bg7 5. O-O O-O 6. Nc3 d6 7. a3 e6 8. b4 a5 9. b5 b6 10. a4 Bb7
11. d5 Nxd5 12. Nxd5 Bxa1 13. Bg5 Bf6 14. Nxf6+ Rxf6 15. Bxf6 Qxf6 16. Nd4 Be4 17. Bxe4 fxe4 18. c4 Nd7 19. Qc2 Qxd4
0-1

[Event "ENIDMA"]
[Site "SchemingMind.com"]
[Date "2007.11.02"]
[Round "-"]
[White "Dr_Pat"]
[Black "CenturyBugs"]
[Result "0-1"]
[WhiteCountry "USA"]
[BlackCountry "ENG"]
[WhiteElo "1497"]
[WhiteRD "44"]
[BlackElo "1748"]
[BlackRD "103"]
[GameID "127277"]

1. d4 d5 2. c4 c6 3. Nc3 Nf6 4. Bg5 e6 5. Nf3 dxc4 6. e4 b5 7. e5 h6 8. exf6 hxg5 9. fxg7 Bxg7 10. Ne5 Qc7
11. Be2 Bxe5 12. dxe5 Qxe5 13. O-O Qxh2#
0-1

[Event "ENIDMA"]
[Site "SchemingMind.com"]
[Date "2007.11.02"]
[Round "-"]
[White "Marbachess"]
[Black "Dr_Pat"]
[Result "1-0"]
[WhiteCountry "ITA"]
[BlackCountry "USA"]
[WhiteElo "1883"]
[WhiteRD "101"]
[BlackElo "1497"]
[BlackRD "44"]
[GameID "127278"]

1. f4 d5 2. b3 Nf6 3. Bb2 Nc6 4. e3 Bf5 5. Nf3 e6 6. Bb5 Bc5 7. Ne5 O-O 8. Nxc6 bxc6 9. Bxc6 Rb8 10. d4 Bd6
11. O-O Rb6 12. Ba4 c5 13. Qc1 h6 14. Nd2 Qe7 15. c4 Ne4 16. Nxe4 Bxe4 17. Rf2 g5 18. dxc5 Bxc5 19. cxd5 exd5 20. Qc3 f6
21. fxg5 hxg5 22. Rc1 Ba3 23. Bxa3
1-0

[Event "ENIDMA"]
[Site "SchemingMind.com"]
[Date "2007.11.03"]
[Round "-"]
[White "CenturyBugs"]
[Black "Dr_Pat"]
[Result "1-0"]
[WhiteCountry "ENG"]
[BlackCountry "USA"]
[WhiteElo "1748"]
[WhiteRD "103"]
[BlackElo "1497"]
[BlackRD "44"]
[GameID "127280"]

1. d4 Nf6 2. c4 e6 3. Nc3 Bb4 4. Qc2 d5 5. a3 Bxc3+ 6. Qxc3 O-O 7. Bg5 h6 8. Bh4 Nbd7 9. Nf3 c5 10. dxc5 Nxc5
11. Bxf6 Qxf6 12. Qxf6 gxf6 13. cxd5 exd5 14. Rc1 Nb3 15. Rc3 Na5 16. Nd4 a6 17. e3 Bd7 18. Rc7 Bc6 19. b4 Nc4 20. Nxc6 bxc6
21. Bxc4 dxc4 22. Ke2
1-0

[Event "ENIDMA"]
[Site "SchemingMind.com"]
[Date "2007.11.02"]
[Round "-"]
[White "calidore"]
[Black "Dr_Pat"]
[Result "1-0"]
[WhiteCountry "ISR"]
[BlackCountry "USA"]
[WhiteElo "1871"]
[WhiteRD "59"]
[BlackElo "1497"]
[BlackRD "44"]
[GameID "127353"]

1. e4 Nf6 2. e5 Nd5 3. d4 d6 4. Nf3 Bg4 5. Be2 e6 6. O-O Be7 7. h3 Bxf3 8. Bxf3 Nc6 9. c4 Nb6 10. exd6 cxd6
11. Nc3 Nxc4 12. Qa4 d5 13. Re1 O-O 14. Bf4 Nxb2 15. Qb5 Nc4 16. Qxb7 Nxd4 17. Bxd5 exd5 18. Rxe7 Na5 19. Qc7 Rc8 20. Qxd8 Rfxd8
21. Bc7 Re8 22. Rxe8+ Rxe8 23. Bxa5
1-0

[Event "ENIDMA"]
[Site "SchemingMind.com"]
[Date "2007.11.05"]
[Round "-"]
[White "calidore"]
[Black "Marbachess"]
[Result "1/2-1/2"]
[WhiteCountry "ISR"]
[BlackCountry "ITA"]
[WhiteElo "1871"]
[WhiteRD "59"]
[BlackElo "1883"]
[BlackRD "101"]
[GameID "127354"]

1. e4 e6 2. d4 c5 3. d5 exd5 4. exd5 d6 5. Nc3 Nf6 6. Nf3 Be7 7. Bd3 Bg4 8. h3 Bh5 9. O-O O-O 10. Bf4 a6
11. Re1 Nbd7 12. a4 b6 13. Ne4 Nxd5 14. Bxd6 Bxd6 15. Nxd6 N7f6 16. Nf5 Nb4 17. Be2= Qc7 18. c3 Nbd5 19. Ng3 Bg6 20. Nh4=
1/2-1/2

[Event "ENIDMA"]
[Site "SchemingMind.com"]
[Date "2007.11.06"]
[Round "-"]
[White "calidore"]
[Black "CenturyBugs"]
[Result "0-1"]
[WhiteCountry "ISR"]
[BlackCountry "ENG"]
[WhiteElo "1877"]
[WhiteRD "60"]
[BlackElo "1848"]
[BlackRD "87"]
[GameID "127356"]

1. e4 c5 2. d4 cxd4 3. c3 dxc3 4. Nxc3 Nc6 5. Nf3 e6 6. Bc4 d6 7. O-O Be7 8. Qe2 Nf6 9. Rd1 e5 10. Be3 O-O
11. Rac1 Bg4 12. h3 Bd7 13. Bg5 Ne8 14. Bxe7 Qxe7 15. Nd5 Qd8 16. a3 Rc8 17. b4 Ne7 18. b5 Nxd5 19. Bxd5 Rxc1 20. Rxc1 Qb6
21. a4 Nf6 22. Qc4 Nxd5 23. exd5 f6 24. Qc7 Rc8 25. Qxd7 Rxc1+ 26. Kh2 Kf8 27. Nh4 Qc7 28. Qf5 Qc4 29. Qxh7 Qf4+ 30. g3 Qxf2+
31. Ng2 Qg1#
0-1

[Event "ENIDMA"]
[Site "SchemingMind.com"]
[Date "2007.11.05"]
[Round "-"]
[White "Dr_Pat"]
[Black "calidore"]
[Result "1-0"]
[WhiteCountry "USA"]
[BlackCountry "ISR"]
[WhiteElo "1497"]
[WhiteRD "44"]
[BlackElo "1871"]
[BlackRD "59"]
[GameID "127357"]

1. e4 c6 2. d4 d5 3. Nc3 dxe4 4. Nxe4 Nf6 5. Nxf6+ exf6 6. c3 Bd6 7. Bd3 Be6 8. Nf3 Nd7 9. O-O O-O 10. Bd2 h6
11. h3 f5 12. Re1 Nf6 13. Ne5 Nd7 14. Ng6 Re8 15. Nf4 Qh4 16. Nxe6 fxe6 17. Qb3 Kh8 18. Rxe6 Bf8 19. Bxf5 Nf6 20. Rxe8 Rxe8
21. Qxb7 Re2 22. Be3 Nd5 23. Qc8 Qf6 24. Rb1 Ne7 25. Qe6 Qxf5 26. Qxf5 Nxf5 27. Bf4 Ne7 28. Kf1 Rc2 29. Ke1 Nd5 30. Bd2 c5
31. Kd1 Rxd2+ 32. Kxd2 cxd4 33. cxd4 Be7 34. Kd3 Nb4+ 35. Kc4 Nxa2 36. Ra1 Nb4 37. Rxa7 Nc6 38. Rc7 Na5+ 39. Kb5 Bf6 40. Kxa5 Bxd4
41. b4 Bxf2 42. b5 Kg8 43. b6 Bg3 44. Rc8+ Kf7 45. Ka6 Kf6 46. b7 g5 47. b8=Q Bxb8 48. Rxb8 Kf5 49. Rb4 h5 50. g4+ hxg4
51. Rxg4 Kg6 52. h4
1-0

[Event "ENIDMA"]
[Site "SchemingMind.com"]
[Date "2007.11.06"]
[Round "-"]
[White "Marbachess"]
[Black "calidore"]
[Result "0-1"]
[WhiteCountry "ITA"]
[BlackCountry "ISR"]
[WhiteElo "1883"]
[WhiteRD "101"]
[BlackElo "1871"]
[BlackRD "59"]
[GameID "127358"]

1. f4 e5 2. fxe5 d6 3. exd6 Bxd6 4. Nf3 Nf6 5. d3 Ng4 6. Bg5 f6 7. Bh4 g5 8. Bf2 Nxf2 9. Kxf2 g4 10. Nfd2 f5
11. e3 Qh4+ 12. Kg1 Nc6 13. Qe2 Be6 14. g3 Qh6 15. Bg2 O-O-O 16. Bxc6 bxc6 17. c4 Rhe8 18. Na3 f4 19. gxf4 Bf5 20. Ne4 Bxe4
21. dxe4 Rxe4 22. Qxg4+ Kb7 23. h4 Rxe3 24. Nc2 Ree8
0-1

[Event "ENIDMA"]
[Site "SchemingMind.com"]
[Date "2007.11.06"]
[Round "-"]
[White "CenturyBugs"]
[Black "calidore"]
[Result "1-0"]
[WhiteCountry "ENG"]
[BlackCountry "ISR"]
[WhiteElo "1848"]
[WhiteRD "87"]
[BlackElo "1877"]
[BlackRD "60"]
[GameID "127360"]

1. e4 Nf6 2. e5 Nd5 3. d4 d6 4. c4 Nb6 5. f4 dxe5 6. fxe5 Bf5 7. Nc3 e6 8. Nf3 Be7 9. Bd3 Bxd3 10. Qxd3 Nc6
11. O-O Nb4 12. Qe2 O-O 13. Be3 f6 14. exf6 Bxf6 15. Ne4 Nc6 16. Qd3 g6 17. Nc5 Qc8 18. Rae1 e5 19. d5 Nd8 20. Bh6 Rf7
21. Ne4 Bh8 22. Neg5 Re7 23. Nxe5 Nd7 24. Nxg6 Rxe1 25. Rxe1 Bf6 26. Re8+
1-0

[Event "ENIDMA"]
[Site "SchemingMind.com"]
[Date "2007.11.06"]
[Round "-"]
[White "reel"]
[Black "Dr_Pat"]
[Result "0-1"]
[WhiteCountry "NCA"]
[BlackCountry "USA"]
[WhiteElo "1366"]
[WhiteRD "89"]
[BlackElo "1543"]
[BlackRD "50"]
[GameID "127369"]

1. d4 Nf6 2. e3 g6 3. Nf3 Bg7 4. Nc3 O-O 5. e4 d6 6. Bc4 Nxe4 7. Nxe4 d5 8. Bxd5 Qxd5 9. Nc3 Qa5 10. d5 Bxc3+
11. Bd2 Bxd2+
0-1

[Event "ENIDMA"]
[Site "SchemingMind.com"]
[Date "2007.11.06"]
[Round "-"]
[White "reel"]
[Black "calidore"]
[Result "0-1"]
[WhiteCountry "NCA"]
[BlackCountry "ISR"]
[WhiteElo "1366"]
[WhiteRD "89"]
[BlackElo "1877"]
[BlackRD "60"]
[GameID "127370"]

1. d4 Nf6 2. e3 e6 3. Bc4 d5 4. Bb5+ c6 5. Ba4 a5 6. Nc3 b5 7. Bb3 a4 8. Bxd5 exd5 9. Nf3 Bg4 10. h3 Bh5
11. g4 Bg6
0-1

[Event "ENIDMA"]
[Site "SchemingMind.com"]
[Date "2007.11.06"]
[Round "-"]
[White "reel"]
[Black "Marbachess"]
[Result "0-1"]
[WhiteCountry "NCA"]
[BlackCountry "ITA"]
[WhiteElo "1366"]
[WhiteRD "89"]
[BlackElo "1957"]
[BlackRD "91"]
[GameID "127371"]

1. d4 f5 2. e4 fxe4 3. Nc3 Nf6 4. Bg5 Nc6 5. Bxf6 exf6 6. Nxe4 Qe7 7. f3 d5 8. c3 dxe4 9. fxe4 Qxe4+ 10. Ne2 Bg4
11. h3 Be6 12. Rc1 Bxa2 13. h4 Kf7
0-1

[Event "ENIDMA"]
[Site "SchemingMind.com"]
[Date "2007.11.06"]
[Round "-"]
[White "reel"]
[Black "CenturyBugs"]
[Result "0-1"]
[WhiteCountry "NCA"]
[BlackCountry "ENG"]
[WhiteElo "1366"]
[WhiteRD "89"]
[BlackElo "1848"]
[BlackRD "87"]
[GameID "127373"]

1. d4 Nf6 2. Bg5 d5 3. Nc3 g6 4. e3 Nc6 5. Nf3 h6 6. Bxf6 exf6 7. a3 Be6 8. b4 Bd6 9. Qd3 O-O 10. h3 a5
0-1

[Event "ENIDMA"]
[Site "SchemingMind.com"]
[Date "2007.11.06"]
[Round "-"]
[White "calidore"]
[Black "reel"]
[Result "1-0"]
[WhiteCountry "ISR"]
[BlackCountry "NCA"]
[WhiteElo "1877"]
[WhiteRD "60"]
[BlackElo "1366"]
[BlackRD "89"]
[GameID "127375"]

1. e4 e5 2. Nf3 d6 3. d4 Bg4 4. dxe5 Bxf3 5. Qxf3 dxe5 6. Bc4 Nf6 7. Qb3 Bc5 8. Bxf7+ Kf8 9. O-O Nxe4 10. Bd5 Bxf2+
11. Kh1
1-0

[Event "ENIDMA"]
[Site "SchemingMind.com"]
[Date "2007.11.06"]
[Round "-"]
[White "Marbachess"]
[Black "reel"]
[Result "1-0"]
[WhiteCountry "ITA"]
[BlackCountry "NCA"]
[WhiteElo "1957"]
[WhiteRD "91"]
[BlackElo "1366"]
[BlackRD "89"]
[GameID "127376"]

1. f4 e5 2. fxe5 d6 3. exd6 cxd6 4. e3 g5 5. Bd3 f5 6. Qh5+ Ke7 7. Qxg5+ Nf6 8. Qf4 Nc6 9. Nh3 h6 10. O-O Ke8
11. Bxf5 Bxf5 12. Qxf5 Rg8 13. Qe6+ Be7 14. Rxf6
1-0

[Event "ENIDMA"]
[Site "SchemingMind.com"]
[Date "2007.11.06"]
[Round "-"]
[White "CenturyBugs"]
[Black "reel"]
[Result "1-0"]
[WhiteCountry "ENG"]
[BlackCountry "NCA"]
[WhiteElo "1848"]
[WhiteRD "87"]
[BlackElo "1366"]
[BlackRD "89"]
[GameID "127378"]

1. Nf3 d5 2. c4 e6 3. d4 Nf6 4. Nc3 Be7 5. Bg5 dxc4 6. e3 Nc6 7. Bxc4 h6 8. Bh4 g5 9. Bg3 Bb4 10. O-O g4
11. Ne5
1-0

[Event "ENIDMA"]
[Site "SchemingMind.com"]
[Date "2007.11.02"]
[Round "-"]
[White "Schaakmaatje"]
[Black "Dr_Pat"]
[Result "1-0"]
[WhiteCountry "NED"]
[BlackCountry "USA"]
[WhiteElo "1803"]
[WhiteRD "57"]
[BlackElo "1497"]
[BlackRD "44"]
[GameID "127409"]

1. g4 d5 2. Bg2 c6 3. g5 e5 4. d4 Ne7 5. dxe5 Nd7 6. Nf3 Qc7 7. Nc3 Nxe5 8. Be3 g6 9. Nxe5 Qxe5 10. Qd4 Bg7
11. O-O-O O-O 12. Qxe5 Bxe5 13. Bd2 Bxc3 14. Bxc3 Bg4 15. Rd2 Nf5 16. h4 Rfe8 17. f3 Bh5 18. e4 Ne3 19. Rg1 Nxg2 20. Rdxg2 Bxf3
21. Rf2 Bxe4 22. Rgf1 Bf5 23. h5 Bh3 24. Rh1
1-0

[Event "ENIDMA"]
[Site "SchemingMind.com"]
[Date "2007.11.07"]
[Round "-"]
[White "Schaakmaatje"]
[Black "calidore"]
[Result "1/2-1/2"]
[WhiteCountry "NED"]
[BlackCountry "ISR"]
[WhiteElo "1859"]
[WhiteRD "52"]
[BlackElo "1877"]
[BlackRD "60"]
[GameID "127410"]

1. d4 Nf6 2. c4 e6 3. Nc3 d5 4. Nf3 Be7 5. Bf4 O-O 6. e3 Nbd7 7. Bd3 dxc4 8. Bxc4 c6 9. O-O Nh5 10. Be5 Nxe5
11. dxe5 Qxd1 12. Raxd1 g6 13. Ne4 Ng7 14. Rd2 b5 15. Bb3 a5 16. Rfd1 a4 17. Bc2 Nf5 18. Nd6 Nxd6 19. exd6 Bf6 20. Be4 Bd7
21. Nd4 Rac8 22. b4 Rfd8 23. Rc2 Bxd4 24. Rxd4 e5 25. Rd1 f5 26. Bf3 Kf7 27. Rdc1 e4 28. Be2 Ke6= 29. Rd2 Be8=
1/2-1/2

[Event "ENIDMA"]
[Site "SchemingMind.com"]
[Date "2007.11.07"]
[Round "-"]
[White "Schaakmaatje"]
[Black "reel"]
[Result "1-0"]
[WhiteCountry "NED"]
[BlackCountry "NCA"]
[WhiteElo "1859"]
[WhiteRD "52"]
[BlackElo "1366"]
[BlackRD "89"]
[GameID "127411"]

1. c4 c5 2. Nc3 Nf6 3. d3 d5 4. Bg5 g6 5. Bxf6 exf6 6. Nxd5 Bg7 7. g3 f5 8. Bg2 b6 9. Nf4 Nc6 10. Bxc6+ Bd7
11. Bxa8
1-0

[Event "ENIDMA"]
[Site "SchemingMind.com"]
[Date "2007.11.02"]
[Round "-"]
[White "Schaakmaatje"]
[Black "Marbachess"]
[Result "0-1"]
[WhiteCountry "NED"]
[BlackCountry "ITA"]
[WhiteElo "1803"]
[WhiteRD "57"]
[BlackElo "1883"]
[BlackRD "101"]
[GameID "127412"]

1. e4 e6 2. b3 d5 3. e5 c5 4. Bb2 Nc6 5. Nf3 Bd7 6. d4 cxd4 7. Nxd4 Nxd4 8. Bxd4 Ne7 9. Bd3 Nc6 10. Bb2 Qa5+
11. Bc3 Bb4 12. Bxb4 Qxb4+ 13. c3 Qf4 14. O-O Nxe5 15. Na3 O-O 16. Nc2 Rfc8 17. g3 Qf6
0-1

[Event "ENIDMA"]
[Site "SchemingMind.com"]
[Date "2007.11.02"]
[Round "-"]
[White "Schaakmaatje"]
[Black "CenturyBugs"]
[Result "0-1"]
[WhiteCountry "NED"]
[BlackCountry "ENG"]
[WhiteElo "1803"]
[WhiteRD "57"]
[BlackElo "1748"]
[BlackRD "103"]
[GameID "127414"]

1. d4 Nf6 2. Bg5 d5 3. Bxf6 exf6 4. e3 Bd6 5. Bd3 O-O 6. c3 c5 7. Nd2 cxd4 8. cxd4 Nc6 9. a3 Be6 10. Ngf3 Qb6
11. b4 Rfc8 12. O-O Rc7 13. Qb3 Rac8 14. Rac1 Nxd4
0-1

[Event "ENIDMA"]
[Site "SchemingMind.com"]
[Date "2007.11.02"]
[Round "-"]
[White "Dr_Pat"]
[Black "Schaakmaatje"]
[Result "0-1"]
[WhiteCountry "USA"]
[BlackCountry "NED"]
[WhiteElo "1497"]
[WhiteRD "44"]
[BlackElo "1803"]
[BlackRD "57"]
[GameID "127415"]

1. d4 f5 2. g3 Nf6 3. Bg2 d5 4. Nf3 g6 5. O-O Bg7 6. Bf4 O-O 7. Nc3 Kh8 8. Re1 Be6 9. Ng5 Bg8 10. f3 h6
11. Nh3 Nc6 12. e4 dxe4 13. fxe4 Qxd4+ 14. Qxd4 Nxd4 15. Rac1 c6 16. e5 Nd5 17. Nxd5 Bxd5 18. Bxd5 cxd5 19. c3 Nf3+
0-1

[Event "ENIDMA"]
[Site "SchemingMind.com"]
[Date "2007.11.02"]
[Round "-"]
[White "Marbachess"]
[Black "Schaakmaatje"]
[Result "1-0"]
[WhiteCountry "ITA"]
[BlackCountry "NED"]
[WhiteElo "1883"]
[WhiteRD "101"]
[BlackElo "1803"]
[BlackRD "57"]
[GameID "127418"]

1. f4 c5 2. Nf3 Nc6 3. g3 d5 4. Bg2 g6 5. O-O Bg7 6. d3 Nf6 7. Nc3 O-O 8. e4 dxe4 9. dxe4 Bg4 10. Be3 Nd7
11. e5 b6 12. h3 Be6 13. Ng5 Rc8 14. Nxe6 fxe6 15. Qg4 Nd4 16. Bxd4 cxd4 17. Nb5 Nc5 18. Nxa7
1-0

[Event "ENIDMA"]
[Site "SchemingMind.com"]
[Date "2007.11.03"]
[Round "-"]
[White "Pauline"]
[Black "Marbachess"]
[Result "0-1"]
[WhiteCountry "NED"]
[BlackCountry "ITA"]
[WhiteElo "1597"]
[WhiteRD "93"]
[BlackElo "1883"]
[BlackRD "101"]
[GameID "127601"]

1. e4 e6 2. d4 c5 3. Nf3 cxd4 4. Bc4 Nc6 5. O-O Nf6 6. e5 d5 7. Bb5 Nd7 8. Nxd4 Ndxe5 9. f4 Nd7 10. Be3 Bc5
11. c3 a6 12. Bxc6 bxc6 13. b4 Ba7 14. Nd2 O-O 15. Qf3 Qc7
0-1

[Event "ENIDMA"]
[Site "SchemingMind.com"]
[Date "2007.11.05"]
[Round "-"]
[White "Marbachess"]
[Black "Pauline"]
[Result "1-0"]
[WhiteCountry "ITA"]
[BlackCountry "NED"]
[WhiteElo "1883"]
[WhiteRD "101"]
[BlackElo "1597"]
[BlackRD "93"]
[GameID "127608"]

1. f4 Nf6 2. b3 d5 3. Bb2 Bf5 4. e3 Nc6 5. Nf3 e6 6. Bb5 Bd6 7. Nd4 O-O 8. Nxc6 bxc6 9. Bxc6 Rb8 10. O-O Be7
11. d3 Ng4 12. Qe2 Qd6 13. Ba3 Qxc6 14. Bxe7 Rfe8 15. h3
1-0